000 00477nam a22001577a 4500
003 OSt
008 260429b |||||||| |||| 00| 0 eng d
082 _a635.642
_bK98R
100 _aKumar, Shambhu
245 _aResponse of Hybrid Tomato (lycopersicum esculentum Mill.) To Plant Geometry and Training on Growth Yield and Quality
260 _aPusa, Samastipur
_bRAU
_c2001
300 _a47P.
502 _bMsc.
_d2001
650 _aVegetables and Floriculture
942 _2ddc
_cT
999 _c50274
_d50274